000 00740nam a2200229 a 4500
001 73597
003 BD-RjUL
005 20211209082421.0
008 170604r19671956enk 001 0 eng d
035 _a(BD-RjUL)A6320
040 _aBD-RjUL
_beng
_cBD-RjUL
041 _aeng
082 _223
_a547.0072
_bVOT 1967
100 1 _aVogel, Arthur I.
_q(Arthur Israel).
_9217793
245 1 2 _aA textbook of practical organic chemistry :
_bincluding qualitative organic analysis /
_cArthur I. Vogel
250 _a3rd ed.
260 _aLondon :
_bLongman,
_c1956 [Impression 1967]
300 _axxvii, 1188p. :
_bill. ;
_c26cm.
504 _aIncludes bibliography and index
650 0 _aChemistry, Organic
_xQualitative
_9217794
942 _2ddc
_cBK
999 _c73597
_d73597